Elementary mathematical and computational tools for electrical and computer engineers using MATLAB (Record no. 7389)

000 -LEADER
fixed length control field 00640 a2200193 4500
020 ## - INTERNATIONAL STANDARD BOOK NUMBER
International Standard Book Number 978-0-8493-7425-8 :
040 ## - CATALOGING SOURCE
Original cataloging agency DLC
Language of cataloging DLC
082 04 - DEWEY DECIMAL CLASSIFICATION NUMBER
Classification number 510.246213
100 1# - MAIN ENTRY--PERSONAL NAME
Personal name Manassah, Jamal T
245 10 - TITLE STATEMENT
Title Elementary mathematical and computational tools for electrical and computer engineers using MATLAB
Statement of responsibility, etc. Jamal T. Manassah
250 ## - EDITION STATEMENT
Edition statement 2 ed.
260 ## - PUBLICATION, DISTRIBUTION, ETC.
Place of publication, distribution, etc. Boca Raton, Fla. :
Name of publisher, distributor, etc. CRC ;
Place of publication, distribution, etc. London :
Name of publisher, distributor, etc. Taylor & Francis [distributor],
Date of publication, distribution, etc. 2006
300 ## - PHYSICAL DESCRIPTION
Extent 457 s.
500 ## - GENERAL NOTE
General note Previous ed.: 2001
650 #0 - SUBJECT ADDED ENTRY--TOPICAL TERM
Topical term or geographic name entry element Electric engineering
General subdivision Mathematics
650 #0 - SUBJECT ADDED ENTRY--TOPICAL TERM
Topical term or geographic name entry element Computer science
General subdivision Mathematics
650 #0 - SUBJECT ADDED ENTRY--TOPICAL TERM
Topical term or geographic name entry element MATLAB
942 ## - ADDED ENTRY ELEMENTS (KOHA)
Koha item type Book
Call number prefix 510.246213 MAN
Source of classification or shelving scheme
Holdings
Withdrawn status Lost status Damaged status Not for loan Collection code Permanent Location Current Location Shelving location Date acquired Source of acquisition Cost, normal purchase price Total Checkouts Full call number Barcode Date last seen Date last checked out Price effective from Koha item type
          Central Library (CL) Central Library (CL) General Stacks 02/26/2007 A & J Def Tek Concultants 3818.69 1 510.246213 MAN SEECS008178 04/26/2016 02/02/2016 01/05/2017 Book
© 2023 Central Library, National University of Sciences and Technology. All Rights Reserved.